Les communes de France Quiz #5 - Statistiques

Statistiques générales
  • Ce quiz a été pris 90 fois
  • Le résultat moyen est 13 sur 15
Statistiques - réponses
Nom de de la commune Nom du département où elle se situe % Correct
Dunkerque Nord
95%
Rennes Ille-et-Vilaine
94%
Grenoble Isère
93%
Cannes Alpes-Maritimes
91%
Mulhouse Haut-Rhin
90%
Dijon Côte-d’Or
89%
Caen Calvados
87%
Saint-Étienne Loire
87%
Clermont-Ferrand Puy-de-Dôme
87%
Le Havre Seine-Maritime
87%
Amiens Somme
80%
Poissy Yvelines
79%
Chartres Eure-et-Loir
77%
Nevers Nièvre
76%
Vitry-sur-Seine Val-de-Marne
74%
Aucun quiz correspondant
Distribution des résultats
% des personnes avec chaque résultat
Percentile par nombre de réponses
Votre historique - résultats
Vous n’avez pas pris ce quiz